| 000 | 00690nam a2200241 i 4500 | ||
|---|---|---|---|
| 001 | 12019 | ||
| 003 | ES-MaACL | ||
| 005 | 20250722131820.0 | ||
| 007 | t| | ||
| 008 | 960724s1996 sp ||||0| spa j | ||
| 020 | _a84-204-2865-5 | ||
| 040 |
_aM-BN _bspa _cM-BN |
||
| 080 | _a869.0-31"19" | ||
| 100 | 1 |
_aSaramago, José, _d1922-2010 _9103754 |
|
| 245 | 1 | 0 |
_aEnsayo sobre la ceguera / _cJosé Saramago ; traducción de Basilio Losada. |
| 250 | _a6ª ed. | ||
| 260 |
_aMadrid : _bAlfaguara, _c1996. |
||
| 300 |
_a373 p ; _c22 cm. |
||
| 700 | 1 |
_aLosada, Basilio, _d1930- _974251 |
|
| 852 |
_aES-MaACL _jL-19319 _bR.125677 |
||
| 999 |
_c12019 _d12019 |
||